000 01237nam0a2200349 4500
001 RU\NLR\bibl\1415272
005 20250615212610.0
010 _a978-5-17-060263-6
_bАСТ
010 _a978-5-403-01536-3
_bАСТ МОСКВА
_914000
021 _aRU
_b2009-56275
_93469
035 _a(nilc)IZD\AST\2007\933526
035 _a(NLR Aleph) 001407240
090 _a1259777
_c1259777
100 _a20090820d2009 |||y0rusy50 ca
101 1 _arus
_ceng
102 _aRU
105 _ay |||||||||
200 1 _aСтранности любви
_eроман
_fДженна Питерсен
_g[пер. с англ. М.Г. Луппо]
210 _aМосква
_cАСТ
_cАСТ МОСКВА
_d2009
215 _a317, [1] с.
_d17
225 1 _aОчарование
225 1 _aМини-шарм
686 _a0661
_aЗарубежная сентиментальная литература
_2TCC-BG
686 _a84(7Сое)-44
_vLBC/PL
_2rubbk
686 _aШ6(7США)67-440.4{Лх1979-50}
700 1 _aПитерсен
_bД.
_gДженна
_4070
801 0 _aRU
_bЛИБНЕТ
_c20090820
801 1 _aRU
_bЦУНБ Москва
_c20090904
_2rusmarc
801 2 _aRU
_bNLR
_c20090922
_grcr
942 _cBOOK
980 _aNB